|
|
|
|
| LEADER |
00000naa a2200000uu 4500 |
| 001 |
vtls011089059 |
| 003 |
SK-MaSNL |
| 005 |
20260302135211.0 |
| 008 |
210905|1996 xo |||||||||||||||||eng| |
| 015 |
|
|
|a SNBRA
|
| 035 |
|
|
|a (urnnbn)urn:nbn:sk:snk:ar-a0cova
|
| 035 |
|
|
|a (uuid)dec975b9-f54c-4cee-8550-dc6f183944a2
|
| 035 |
|
|
|a urn:nbn:sk:snk-aavunv
|
| 040 |
|
|
|a SNKBUCL
|b slo
|c SNKBUCL
|e AACR2
|
| 041 |
0 |
|
|a eng
|
| 044 |
|
|
|a xo
|c SK
|
| 100 |
1 |
|
|a Valach, Fedor,
|d 1946-
|4 aut
|9 39586
|
| 245 |
1 |
0 |
|a CONCEPT OF BASIC CHEMICAL PHYSICS IN CHEMICAL ENGINEERING EDUCATION
|c F. Valach, V. Laurinc
|
| 700 |
1 |
|
|a Laurinc, Viliam,
|d 1942-
|4 aut
|9 226559
|
| 773 |
0 |
|
|t The role of physics in engineering education
|d Bratislava : Slovak Technical University, 1996
|g S. 25-29
|z 8022708704
|
| 958 |
|
|
|a OND
|
| 958 |
|
|
|a article12
|
| 958 |
|
|
|a chapter
|
| 999 |
|
|
|c 1326513
|d 1328443
|